Sedemdesiat rokov poľských štátnych lesov

Bibliographic Details
Main Author: Gábor, František, 1926-1985 (Author)
Format: Article
Language:Slovak
ISSN:0323-0996
Subjects:

MARC

LEADER 00000nab a2200000 a 4500
001 vtls000573438
003 SK-MaSNL
005 20260304172303.0
008 250526c1996 xo 0 slo
015 |a SNBRB19rr/mm-uuuuu 
035 |a CL0573576 
035 |a urn:nbn:sk:snk-ab2amv 
035 |a (urnnbn)urn:nbn:sk:snk:ar-a0214l 
035 |a (uuid)715d9ad4-dd14-4654-bb1f-66be5ec28caf 
040 |a SNKBUCL  |b slo  |c SNKBUCL  |e AACR2 
041 0 |a slo 
044 |a xo  |c SK 
080 |a 630 92(438):332.24.012.332  |2 1981 
080 |a 332.24.012.332  |2 1981 
100 1 |a Gábor, František,  |d 1926-1985  |4 aut  |9 171876 
245 1 0 |a Sedemdesiat rokov poľských štátnych lesov  |c František Gábor 
650 0 7 |a lesy štátne  |2 snkbucl  |9 901562 
651 7 |a Poľsko  |2 snkbucl  |9 16755 
655 7 |a články z novín a časopisov  |2 snkbucl  |9 267496 
773 0 |t Les  |g Roč. 52, č. 1 (1996), s. 23  |x 0323-0996 
850 |a Slovenská národná knižnica 
852 |a Slovenská národná knižnica 
954 |a odborná, vedecká literatúra pôvodná (slovenská)  |2 lita 
958 |a ONDV 
958 |a article2022 
958 |a RK 
958 |a PL 
992 |a RBX 
999 |c 2997635  |d 2999565